Gaming Quiz

Random Gaming or Minecraft Quiz

Minecraft Mobs Quiz Stats

 Plays Quiz not verified by Sporcle

Also try: Gaming Odd One Out
Challenge
Share
Tweet
Embed
Score 0/23 Timer 03:00
0 Plays Today
mob % Correct
Pig
94.4%
Cow
93.1%
Zombie
90.3%
Ender Dragon
90.3%
Enderman
84.7%
Creeper
84.7%
Chicken
81.9%
Sheep
81.9%
Spider
81.9%
Wolf
80.6%
Skeleton
79.2%
Zombie Pigman
76.4%
mob % Correct
Ghast
72.2%
Blaze
65.3%
Slime
61.1%
Cave Spider
58.3%
Villager
56.9%
Squid
55.6%
Magma Cube
54.2%
Snow Golem
52.8%
Spider Jockey
45.8%
Silverfish
40.3%
Mooshroom
36.1%

You're not logged in!

Compare scores with friends on all Sporcle quizzes.
Join for Free
OR
Log In

You Might Also Like...

Show Comments

Extras

Top Quizzes Today


Score Distribution

Your Account Isn't Verified!

In order to create a playlist on Sporcle, you need to verify the email address you used during registration. Go to your Sporcle Settings to finish the process.

Report this User

Report this user for behavior that violates our Community Guidelines.

Details: